| 000 | 00350nam a2200133Ia 4500 | ||
|---|---|---|---|
| 005 | 20251222144731.0 | ||
| 008 | 251222s9999||||xx |||||||||||||| ||spa|| | ||
| 020 | _a9972-51-048-4 | ||
| 082 | _a985.077/R84 | ||
| 100 | _aRospigliosi, Fernando | ||
| 245 | 0 | _aMontesinos y las Fuerzas Armadas: | |
| 264 | _bInstituto de Estudios Peruanos | ||
| 942 | _cLIB | ||
| 999 |
_c18591 _d18591 |
||